Pyaar impossible / (Record no. 56179)

MARC details
000 -LEADER
fixed length control field 03768nam a22004937a 4500
005 - DATE AND TIME OF LATEST TRANSACTION
control field 20110901165216.0
006 - FIXED-LENGTH DATA ELEMENTS--ADDITIONAL MATERIAL CHARACTERISTICS--GENERAL INFORMATION
fixed length control field a|||||r|||||00| 0
007 - PHYSICAL DESCRIPTION FIXED FIELD--GENERAL INFORMATION
fixed length control field vc av zk
008 - FIXED-LENGTH DATA ELEMENTS--GENERAL INFORMATION
fixed length control field 110824t xxu||||| |||| 00| 0 eng d
010 ## - LIBRARY OF CONGRESS CONTROL NUMBER
LC control number DVD-008039-047
024 ## - OTHER STANDARD IDENTIFIER
Standard number or code YRD 60250
Terms of availability 99.00
028 ## - PUBLISHER NUMBER
Source Pioneers Office Automation
035 ## - SYSTEM CONTROL NUMBER
System control number DVD-008039-047
040 ## - CATALOGING SOURCE
Original cataloging agency DPL
Transcribing agency DPL
082 ## - DEWEY DECIMAL CLASSIFICATION NUMBER
Classification number DVD / PYAA
245 ## - TITLE STATEMENT
Title Pyaar impossible /
Statement of responsibility, etc written by Uday Chopra; directed by Jugal Hansraj; produced by Udya Chopra ; music by Salim Sulaiman
Medium (Videorecording) DVD
260 ## - PUBLICATION, DISTRIBUTION, ETC. (IMPRINT)
Place of publication, distribution, etc Mumbai
Name of publisher, distributor, etc Yash Raj Films
Date of publication, distribution, etc p2010.
300 ## - PHYSICAL DESCRIPTION
Extent 1 videodisc DVD (140 Min.)
Other physical details sd., col.
Dimensions 4 3/4 in.
Type of unit DVD
306 ## - PLAYING TIME
Playing time 140 Min
440 ## - SERIES STATEMENT/ADDED ENTRY--TITLE
9 (RLIN) 33486
500 ## - GENERAL NOTE
General note Hindi movies
500 ## - GENERAL NOTE
General note Copyright Yash Raj Films
500 ## - GENERAL NOTE
General note Summary from IMDB.com
505 ## - FORMATTED CONTENTS NOTE
Formatted contents note Uday Chopra, Priyanka Chopra and Dino Morea
520 ## - SUMMARY, ETC.
Summary, etc A geeky U.S. student, Abhay Sharma, falls for a suave hottie, Alisha, and even rescues her from drowning. When he attempts to visit her while she is recuperating, he is not permitted to do so by her snobby friends, and he returns home to Mumbai where he lives with his dad. Seven years later, the couple are fated to meet again in Singapore - this time Alisha is a single parent, with a cute and precocious daughter, Tanya; while a dejected and frustrated Abhay is forced to assume the position of Tanya's nanny.
538 ## - SYSTEM DETAILS NOTE
System details note Digital Dolby: 5.1,
650 ## - SUBJECT ADDED ENTRY--TOPICAL TERM
Topical term or geographic name as entry element Motion picture
9 (RLIN) 33495
700 ## - ADDED ENTRY--PERSONAL NAME
Personal name Jugal Hansraj
9 (RLIN) 34106
700 ## - ADDED ENTRY--PERSONAL NAME
Personal name Chopra, Uday
9 (RLIN) 34107
700 ## - ADDED ENTRY--PERSONAL NAME
Personal name Salim Sulaiman
9 (RLIN) 34108
700 ## - ADDED ENTRY--PERSONAL NAME
Personal name Guptan, Anvita Dutt
9 (RLIN) 34109
856 ## - ELECTRONIC LOCATION AND ACCESS
Uniform Resource Identifier <a href="http://www.imdb.com/title/tt0053706/">http://www.imdb.com/title/tt0053706/</a>
942 ## - ADDED ENTRY ELEMENTS (KOHA)
Source of classification or shelving scheme Dewey Decimal Classification
Item type CD-ROMs, DVDs, VHS
Classification part DVD
Call number suffix PAAA
Holdings
Withdrawn status Lost status Source of classification or shelving scheme Damaged status Not for loan Collection code Home library Current library Date acquired Source of acquisition Cost, normal purchase price Total Checkouts Total Renewals Full call number Barcode Date last seen Date last borrowed Copy number Cost, replacement price Price effective from Koha item type
    Dewey Decimal Classification     Fiction Central Library Central Library 01/09/2011 Pioneers Office Automation/157/19.5.11/295/28.3.11/14.7.11 99.00 14 2 DVD PAAA DVD-008039 21/05/2018 12/05/2018 1 99.00 01/09/2011 CD-ROMs, DVDs, VHS
    Dewey Decimal Classification     Fiction Janak Puri Janak Puri 01/09/2011 Pioneers Office Automation/157/19.5.11/295/28.3.11/14.7.11 99.00 6   DVD PAAA DVD-008041 19/09/2013 21/08/2013 1 99.00 01/09/2011 CD-ROMs, DVDs, VHS
    Dewey Decimal Classification     Fiction Karol Bagh Karol Bagh 01/09/2011 Pioneers Office Automation/157/19.5.11/295/28.3.11/14.7.11 99.00 3   DVD PAAA DVD-008045 06/06/2013 23/05/2013 1 99.00 01/09/2011 CD-ROMs, DVDs, VHS
    Dewey Decimal Classification     Fiction Narela Narela 01/09/2011 Pioneers Office Automation/157/19.5.11/295/28.3.11/14.7.11 99.00 1   DVD PAAA DVD-008046 07/07/2014 03/07/2014 1 99.00 01/09/2011 CD-ROMs, DVDs, VHS
    Dewey Decimal Classification     Fiction Patel Nagar Patel Nagar 01/09/2011 Pioneers Office Automation/157/19.5.11/295/28.3.11/14.7.11 99.00 6   DVD PAAA DVD-008040 01/12/2015 16/11/2015 1 99.00 01/09/2011 CD-ROMs, DVDs, VHS
    Dewey Decimal Classification     Fiction R.K.Puram-8 R.K.Puram-8 01/09/2011 Pioneers Office Automation/157/19.5.11/295/28.3.11/14.7.11 99.00 4 1 DVD PAAA DVD-008043 21/01/2013 18/01/2013 1 99.00 01/09/2011 CD-ROMs, DVDs, VHS
    Dewey Decimal Classification     Fiction Sarojini Nagar Sarojini Nagar 01/09/2011 Pioneers Office Automation/157/19.5.11/295/28.3.11/14.7.11 99.00 10   DVD PAAA DVD-008042 16/12/2013 30/11/2013 1 99.00 01/09/2011 CD-ROMs, DVDs, VHS
    Dewey Decimal Classification     Fiction Shahdara Branch Shahdara Branch 01/09/2011 Pioneers Office Automation/157/19.5.11/295/28.3.11/14.7.11 99.00     DVD PAAA DVD-008047 01/09/2011   1 99.00 01/09/2011 CD-ROMs, DVDs, VHS
    Dewey Decimal Classification     Fiction Vinoba Puri Vinoba Puri 01/09/2011 Pioneers Office Automation/157/19.5.11/295/28.3.11/14.7.11 99.00 3   DVD PAAA DVD-008044 19/06/2013 14/06/2013 1 99.00 01/09/2011 CD-ROMs, DVDs, VHS

© Delhi Public Library
Hit Counter
free hit counter